An introduction to the theory of seismology.
সংরক্ষণ করুন:
| প্রধান লেখক: | |
|---|---|
| বিন্যাস: | গ্রন্থ |
| ভাষা: | English |
| প্রকাশিত: |
Cambridge [Eng.] University Press,
1963.
|
| বিষয়গুলি: | |
| ট্যাগগুলো: |
ট্যাগ যুক্ত করুন
কোনো ট্যাগ নেই, প্রথমজন হিসাবে ট্যাগ করুন!
|
MARC
| LEADER | 00000nam a2200000Ia 4500 | ||
|---|---|---|---|
| 003 | 000655 | ||
| 005 | 20221231144009.0 | ||
| 008 | 140114s1963 enka 000 ||eng d | ||
| 040 | |c cru CEDI | ||
| 082 | |a 551.22 B938i | ||
| 100 | |a Bullen, Keith Edward, 1906- |9 19785 | ||
| 245 | |a An introduction to the theory of seismology. | ||
| 260 | |a Cambridge [Eng.] University Press, |c 1963. | ||
| 300 | |a viii, 381 p. illus. 23 cm. | ||
| 650 | |x SISMOLOGIA |9 19786 | ||
| 942 | |2 ddc |c BK | ||
| 999 | |c 15375 |d 15375 | ||
